Pokémon fusionnés avec Carchacrok - Statistiques

Statistiques générales
  • Ce quiz a été pris 111 fois
  • Le résultat moyen est 12 sur 16
Statistiques - réponses
Par images Réponse % Correct
Lucario
94%
Regirock
90%
Qwilfish
89%
Manaphy
86%
Feuillajou
85%
Migalos
85%
Mustébouée
84%
Poissoroy
83%
Rocabot
83%
Ékaïser
82%
Katagami
82%
Statitik
80%
Viskuse
62%
Monthracite
61%
Hydragla
53%
Armulys
44%
Aucun quiz correspondant
Distribution des résultats
% des personnes avec chaque résultat
Percentile par nombre de réponses
Votre historique - résultats
Vous n’avez pas pris ce quiz